000 00907nam a2200277Ia 4500
003 OSt
005 20221005105848.0
006 a|||||r|||| 00| 0
007 ta
008 221004b |||||||| |||| 00| 0 hin d
020 _a9788126033881 (pbk)
_c130
024 _a13829
037 _b827, 14/03/2014, H.K. Prakashan
_cTextual
040 _aCRL
_cCRL
_bhin
041 _2hin
_ahin
082 _aO153,1N47x, 152Q3
100 _aदेव
245 0 _aशबदांत
246 _aShabadāanta
260 _aनई दिल्ली
_bसाहित्य अकादमी भारत
_c2013
300 _a303पृ0
_ccm.
650 _aपंजाबी निबंध
700 _a तरसेम, अनु.
942 _hO153,1N47x, 152Q3
_cTEXL
_2cc
999 _c1017121
_d1017121